000 00530nam a2200169 a 4500
001 000029429
005 20200930055538.0
008 110415s2004 dr a 000 | spa d
040 _aDO-SdBNP
_bspa
_cBNPHU
082 _axxx
_bG984f
100 1 _aGutiérrez, Nelson
_956304
245 1 3 _aEl flagelo de la corrupción administrativa /
_cNelson Gutiérrez.
260 _aSanto Domingo :
_b[s.n.],
_c2004.
300 _a14 p. :
_bil. ;
_c21 cm.
500 _aIncluye datos biográficos del autor en la contracubierta.
049 _aBNPD
999 _c28921
_d28921